000 00711nam a2200193 a 4500
008 060316s1975 ||||||||||||||||| || u
020 _a0240508246
050 _aTR 210 Mas
100 _aMason, Leslie Frederick Alfred
245 1 0 _aPhotographic processing chemistry. (2nd ed.)
250 _a2nd ed.
260 _aLondon :
_bFocal Press
_c1975
300 _a326 p., 4 p. of plates : ill.
350 _a0.00
500 _aIncludes bibliographical references
650 _aPHOTOGRAPHIC CHEMISTRY
650 _aPHOTOGRAPHY - DEVELOPING AND DEVELOPERS
995 _D0.00
_FCBU-MAIN LIBRARY (Kitwe)
_H1
_I18.50
_UAVAILABLE
_ZAnnex Low-Usage Collection
999 _c53522
_d53522